Las consultas diarias en ginecología / (Record no. 176421)

MARC details
000 -LEADER
campo de control de longitud fija 00877nam a22002655i 4500
001 - NÚMERO DE CONTROL
campo de control 176421
003 - IDENTIFICADOR DE NÚMERO DE CONTROL
campo de control ES-MaACL
005 - FECHA Y HORA DE LA ÚLTIMA TRANSACCIÓN
campo de control 20250811100120.0
008 - DATOS DE LONGITUD FIJA--INFORMACIÓN GENERAL
campo de control de longitud fija 110113s1974 sp |||| | spa d
020 ## - NÚMERO INTERNACIONAL ESTÁNDAR DEL LIBRO
Número Internacional Estándar del Libro 84-311-0156-3
080 ## - NÚMERO DE LA CLASIFICACIÓN DECIMAL UNIVERSAL
Número de la Clasificación Decimal Universal 616.89
100 0# - ENTRADA PRINCIPAL--NOMBRE DE PERSONA
Nombre de persona Bellot, Lucien.
9 (RLIN) 144753
245 14 - MENCIÓN DEL TÍTULO
Título Las consultas diarias en ginecología /
Mención de responsabilidad, etc. por Lucien Bellot y Denys Sersiron ; versión española de José Mª de Prado Marcilla.
250 ## - MENCION DE EDICION
Mención de edición 1ª ed.
260 ## - PUBLICACIÓN, DISTRIBUCIÓN, ETC.
Lugar de publicación, distribución, etc. Barcelona :
Nombre del editor, distribuidor, etc. Toray-Masson,
Fecha de publicación, distribución, etc. 1974.
300 ## - DESCRIPCIÓN FÍSICA
Extensión IX, 189 p. ;
Dimensiones 22 cm.
490 1# - MENCIÓN DE SERIE
Mención de serie Las consultas diarias ;
Designación de volumen o secuencia 22
500 ## - NOTA GENERAL
Nota general Índice.
650 07 - PUNTO DE ACCESO ADICIONAL DE MATERIA--TÉRMINO DE MATERIA
Término de materia o nombre geográfico como elemento de entrada Psiquiatría
Fuente del encabezamiento o término embne
9 (RLIN) 16586
700 1# - ENTRADA AGREGADA--NOMBRE PERSONAL
Nombre de persona Sersiron, Denys.
9 (RLIN) 144754
700 0# - ENTRADA AGREGADA--NOMBRE PERSONAL
Nombre de persona Prado Marcilla, José María de.
9 (RLIN) 93622
830 0# - PUNTO DE ACCESO ADICIONAL DE SERIE-TÍTULO UNIFORME
Título uniforme Las consultas diarias ;
Designación de volumen o secuencia 22
9 (RLIN) 190025
852 ## - LOCALIZACIÓN
Ubicación ES-MaACL
Número de control de estantería E-14051
Encuadernación Olim P-210-Ter
Holdings
Estatus retirado Estado de pérdida Estado de daño No para préstamo Biblioteca de origen Biblioteca actual Ubicación en estantería Fecha de adquisición Fuente de adquisición Total de préstamos Signatura topográfica completa Código de barras Visto por última vez Precio de reemplazo Tipo de ítem Koha
        Biblioteca del Ateneo de Madrid Biblioteca del Ateneo de Madrid Depósito 2 13/01/2011     E-14051 1185280 23/02/2023 23/02/2023 Libro impreso